000 01803nam a2200313 i 4500
001 194800
003 ES-MaACL
005 20250530063024.0
008 240516b sp ||||| |||| 00| 0 spa d
020 _a9788409170784
040 _bspa
_cES-MaACL
100 1 _9171227
_aTriñaque, Ezequiel
_eaut
245 _aUna cena con historia /
_cEzequiel Triñaque, Vicky Ibañez
260 _bRadio Argo y más S. L.,
_c[2024]
300 _a169 pág + 21 pág. de fotografías a color ;
_c21 cm
336 _2rdacontent
_atexto
337 _2rdamedia
_asin mediación
338 _2rdacarrier
_avolumen
520 _aUn rato de sosiego, unas buenas vistas de Madrid, dejar volar la imaginación, y aparecen los recuerdos de un ayer no tan lejano. Una buena charla y todo vuelve a surgir. Son historias de nuestro pasado; personajes que han sido célebres, edificios que tienen mucho que contarnos, y todo desde el mágico entorno en que nos encontramos, la azotea del club ARGO, antiguo despacho del presidente del gobierno don José de Canalejas, en el centro del emblemático barrio de las Letras. Los bandoleros, el nacimiento del teatro, personajes insignes de nuestra literatura, grandes palacios de ayer... y todo a vista de pájaro.
700 1 _aIbáñez, Vicky
_9171228
_eaut
852 _aES-MaACL
_cDEPOJ
_jN-9964
_xEncuadernación rústica
_gDedicatoria autógrafa de los autores
_hDonación: Ezequiel Triñaque y Vicky Ibañez
_9205871
903 _9171227
_aTriñaque, Ezequiel
_ednr
903 _9171228
_aIbáñez, Vicky
_ednr
942 _cMONOGRAFIA
_n0
999 _c194800
_d194800